000 00267nam a22001097a 4500
008 211116b ||||| |||| 00| 0 eng d
050 _a005
_b1
245 _aIntroduction To Coding,Grade-VII,Teacher Handbook
260 _aDelhi
_bCBSE
300 _a1
942 _cBK
_2ddc
999 _c11898
_d11898